Amame eternamente, y vamos viendo : la pareja contada para principiantes /

Guardado en:
Autor Principal: Pescetti, Luis María
Formato: Libro
Publicado: Buenos Aires : Grijalbo, 2009
Materias:
Etiquetas: Agregar Etiqueta
Sin Etiquetas, Sea el primero en etiquetar este registro!
LEADER 00609nam a22001935a 4500
001 CEM.cems013419
005 20101005115000.0
008 130507s2009##################000#0#####d
003 CEMS
020 |a 9789502804866 
082 0 4 |a 158.2 
100 1 |a Pescetti, Luis María 
245 1 0 |a Amame eternamente, y vamos viendo :  |b la pareja contada para principiantes /  |c Luis María Pescetti 
260 |a Buenos Aires :  |b Grijalbo,  |c 2009 
300 |a 160 p. 
653 |a Psicología 
653 |a Relaciones interpersonales 
653 |a Pareja-relación de 
859 |a CEMS  |b BIB. CEMS - 11 de abril  |h 158.2  |i P435  |p 26038.10  |t Ej.1